Formule 1 - Vainqueurs du GP de Spa-Francorchamps, Belgique - Statistiques

Statistiques générales
  • Ce quiz a été pris 144 fois
    87 depuis la dernière actualisation
  • Le résultat moyen est 47 sur 58
Statistiques - réponses
Années Pilotes % Correct
2010 Lewis Hamilton
100%
2015 Lewis Hamilton
100%
2017 Lewis Hamilton
100%
2020 Lewis Hamilton
100%
2024 Lewis Hamilton
100%
2021 Max Verstappen
100%
2022 Max Verstappen
100%
2023 Max Verstappen
100%
2011 Sebastian Vettel
100%
2013 Sebastian Vettel
100%
2018 Sebastian Vettel
100%
1983 Alain Prost
98%
1987 Alain Prost
98%
1985 Ayrton Senna
98%
1988 Ayrton Senna
98%
1989 Ayrton Senna
98%
1990 Ayrton Senna
98%
1991 Ayrton Senna
98%
1992 Michael Schumacher
98%
1995 Michael Schumacher
98%
1996 Michael Schumacher
98%
1997 Michael Schumacher
98%
2001 Michael Schumacher
98%
2002 Michael Schumacher
98%
2016 Nico Rosberg
98%
2004 Kimi Räikkönen
94%
2005 Kimi Räikkönen
94%
2007 Kimi Räikkönen
94%
2009 Kimi Räikkönen
94%
2019 Charles Leclerc
92%
2012 Jenson Button
92%
1950 Juan Manuel Fangio
92%
1954 Juan Manuel Fangio
92%
1955 Juan Manuel Fangio
92%
2025 Oscar Piastri
92%
1952 Alberto Ascari
87%
1953 Alberto Ascari
87%
2014 Daniel Ricciardo
87%
2000 Mika Häkkinen
87%
1993 Damon Hill
85%
1994 Damon Hill
85%
1998 Damon Hill
85%
1961 Phil Hill
85%
2008 Felipe Massa
81%
1951 Giuseppe Farina
79%
1986 Nigel Mansell
74%
1999 David Coulthard
58%
1960 Jack Brabham
55%
1966 John Surtees
45%
1968 Bruce McLaren
34%
1958 Tony Brooks
25%
1962 Jim Clark
21%
1963 Jim Clark
21%
1964 Jim Clark
21%
1965 Jim Clark
21%
1956 Peter Collins
19%
1967 Dan Gurney
17%
1970 Pedro Rodríguez
15%
Aucun quiz correspondant
Distribution des résultats
% des personnes avec chaque résultat
Percentile par nombre de réponses
Votre historique - résultats
Vous n’avez pas pris ce quiz depuis la dernière actualisation